[Event "Hastings Masters"]
[Site "?"]
[Date "2007.12.28"]
[Round "1.28"]
[White "Foord, Dominic"]
[Black "Dickson, George A"]
[Result "0-1"]
[WhiteElo "2004"]
[BlackElo "2160"]
[PlyCount "118"]
[EventDate "2007.12.28"]
[SourceDate "2007.12.28"]

1. d4 Nf6 2. c4 c5 3. d5 e6 4. Nc3 exd5 5. cxd5 d6 6. e4 g6 7. f4 Bg7 8. Bb5+
Nbd7 9. e5 dxe5 10. fxe5 Nh5 11. e6 Qh4+ 12. g3 Nxg3 13. exd7+ Bxd7 14. Bxd7+
Kxd7 15. hxg3 Rae8+ 16. Kf1 Qxh1 17. Qf3 Qxf3+ 18. Nxf3 Bxc3 19. bxc3 f6 20. c4
Re4 21. Bb2 Rf8 22. Nd2 Re3 23. Kf2 Rfe8 24. Rd1 Rd3 25. Bc1 b5 26. Rh1 bxc4
27. Rxh7+ Re7 28. Rxe7+ Kxe7 29. d6+ Rxd6 30. Nxc4 Rd1 31. Be3 Ra1 32. a3 Ra2+
33. Kf3 Rc2 34. Na5 Ke6 35. Ke4 f5+ 36. Kd3 Rg2 37. Bf4 g5 38. Bc7 f4 39. gxf4
Rg3+ 40. Kc4 gxf4 41. Nb3 Kf5 42. Bd6 Kg4 43. Bxc5 a6 44. a4 Rg2 45. Kb4 f3 46.
Ka5 Rc2 47. Ba7 Rb2 48. Nc1 Rb7 49. Be3 {(=)} Kf5 50. Kxa6 Ke4 51. Kxb7 Kxe3
52. a5 f2 53. a6 f1=Q 54. a7 Qb5+ 55. Ka8 Qc6+ 56. Kb8 Qb6+ 57. Ka8 Ke4 58. Nb3
Kd5 59. Nc5 Kc6 0-1

[Event "Hastings Masters"]
[Site "?"]
[Date "2007.12.28"]
[Round "1.30"]
[White "O'Toole, George E"]
[Black "Hagesaether, Arne"]
[Result "0-1"]
[WhiteElo "1987"]
[BlackElo "2153"]
[PlyCount "64"]
[EventDate "2007.12.28"]
[SourceDate "2007.12.28"]

1. e4 c6 2. c4 d5 3. exd5 cxd5 4. cxd5 Nf6 5. Nc3 g6 6. Nf3 Bg7 7. Qb3 O-O 8.
Bc4 Nbd7 9. d3 Nc5 10. Qa3 b6 11. Be3 Nb7 12. Ne5 Nd6 13. Bf4 Bb7 14. Nc6 Bxc6
15. dxc6 Nxc4 16. dxc4 Qd4 17. Ne2 Qe4 18. f3 Qxc6 19. Rc1 Nh5 20. Be3 Qe6 21.
Kf2 Rfd8 22. Rhe1 Qe5 23. Rcd1 Qxh2 24. Rxd8+ Rxd8 25. Qxe7 Bf6 26. Qxa7 Bh4+
27. Kf1 Bxe1 28. Kxe1 Qh4+ 29. Bf2 Qxc4 30. Qe7 Qc8 31. Bxb6 Re8 32. Qc7 Qe6
0-1

[Event "Hastings Masters"]
[Site "?"]
[Date "2007.12.28"]
[Round "1.31"]
[White "Atako, Chino"]
[Black "Spanton, Timothy"]
[Result "1-0"]
[WhiteElo "2149"]
[BlackElo "1985"]
[PlyCount "75"]
[EventDate "2007.12.28"]
[SourceDate "2007.12.28"]

1. e4 c5 2. Nf3 g6 3. Bc4 Bg7 4. O-O Nc6 5. c3 Nf6 6. e5 Ng4 7. d4 cxd4 8. cxd4
d5 9. Bb5 O-O 10. Nc3 f6 11. h3 Nh6 12. Bxh6 Bxh6 13. Qe2 fxe5 14. dxe5 e6 15.
Rad1 Qc7 16. Bd3 a6 17. h4 Bd7 18. Rfe1 Rxf3 19. Qxf3 Rf8 20. Qe2 Bf4 21. h5 g5
22. Bb1 Bxe5 23. Qc2 Be8 24. Nxd5 Bh2+ 25. Kh1 exd5 26. Rxd5 h6 27. g3 Bxg3 28.
Rxe8 Rxe8 29. Qg6+ Kf8 30. Rf5+ Ke7 31. Rf7+ Kd8 32. Rxc7 Bxc7 33. Qxh6 Re1+
34. Kg2 Bf4 35. Qf8+ Kc7 36. Bf5 Re5 37. h6 Nd4 38. h7 1-0

[Event "Hastings Masters"]
[Site "?"]
[Date "2007.12.28"]
[Round "1.32"]
[White "Henrichsen, Jens"]
[Black "Milnes, Anthony CP"]
[Result "1-0"]
[WhiteElo "1992"]
[BlackElo "2126"]
[PlyCount "101"]
[EventDate "2007.12.28"]
[SourceDate "2007.12.28"]

1. d4 f5 2. g3 Nf6 3. Bg2 g6 4. c3 Bg7 5. Qb3 d5 6. Nh3 c6 7. O-O O-O 8. Nd2
Qb6 9. Nf4 e5 10. dxe5 Ng4 11. e6 Re8 12. e7 Qxb3 13. axb3 Rxe7 14. Bxd5+ cxd5
15. Nxd5 Nc6 16. Nxe7+ Nxe7 17. Nc4 Nc6 18. Bf4 Be6 19. Nd6 b6 20. h3 Nge5 21.
b4 Rd8 22. Nb5 Bc4 23. Nxa7 Bxe2 24. Nxc6 Nxc6 25. Rfe1 Bc4 26. Bc7 Rd2 27.
Bxb6 Rxb2 28. Ra8+ Kf7 29. Rc8 Bd5 30. Rc7+ Kf6 31. c4 Be4 32. Rxc6+ Bxc6 33.
Bd4+ Kf7 34. Bxb2 Bxb2 35. b5 Be4 36. c5 Ba3 37. c6 Bd6 38. Ra1 Ke6 39. Ra7 h5
40. Rh7 Be7 41. c7 Bb7 42. Kf1 Bf6 {(=)} 43. Ke2 Bc8 44. Kd3 Bd7 45. Kc4 Kd6
46. b6 Kc6 47. c8=Q+ Bxc8 48. Rc7+ Kxb6 49. Rxc8 h4 50. Kd5 Be7 51. Rc6+ 1-0

[Event "Hastings Masters"]
[Site "?"]
[Date "2007.12.28"]
[Round "1.33"]
[White "Donovan, Nigel"]
[Black "Cohen, Ronnie"]
[Result "1-0"]
[WhiteElo "2121"]
[BlackElo "1973"]
[PlyCount "51"]
[EventDate "2007.12.28"]
[SourceDate "2007.12.28"]

1. e4 c6 2. d3 d5 3. Nd2 e5 4. Ngf3 Bd6 5. g3 Ne7 6. Bg2 O-O 7. O-O f6 8. Re1
a5 9. h3 Ng6 10. d4 exd4 11. Nxd4 c5 12. Nb5 d4 13. Nc4 Bc7 14. Qh5 Ne5 15. f4
g6 16. Qe2 Nf7 17. e5 Re8 18. Bd5 Na6 19. Ncd6 Bxd6 20. Nxd6 Qxd6 21. exd6 Rxe2
22. Rxe2 Nb4 23. Re8+ Kg7 24. Bxf7 Nxc2 25. Rb1 Ra6 26. Rxc8 1-0

[Event "Hastings Masters"]
[Site "?"]
[Date "2007.12.28"]
[Round "1.34"]
[White "Rety, John"]
[Black "Sugden, John N"]
[Result "0-1"]
[WhiteElo "1970"]
[BlackElo "2116"]
[PlyCount "98"]
[EventDate "2007.12.28"]
[SourceDate "2007.12.28"]

1. d4 Nf6 2. c4 d6 3. Nc3 g6 4. e4 Bg7 5. Nf3 O-O 6. Be2 Nbd7 7. O-O e5 8. d5
Nc5 9. Qc2 a5 10. Be3 Ng4 11. Bxc5 dxc5 12. h3 Nf6 13. Rad1 Ne8 14. Nb5 Nd6 15.
a4 f5 16. Nxd6 cxd6 17. Bd3 Bd7 18. Ra1 b6 19. Ra3 f4 20. Be2 h5 21. Nh2 Bf6
22. Rfa1 Ra7 23. Rb3 Bc8 24. Qd1 Rh7 25. Raa3 Qc7 26. Qf1 Bd8 27. Qd1 Qf7 28.
Qe1 Bd7 29. Rf3 Qe8 30. Bd1 Rff7 31. Kf1 g5 32. Ke2 g4 33. Rfc3 gxh3 34. gxh3
Rfg7 35. Kd2 Rg2 36. Nf1 Bh4 37. Rf3 Rhg7 38. Kc1 Qg6 39. Rab3 Bd8 40. Rbc3 Rg1
41. b3 Qg2 42. Be2 Rh1 43. Kc2 Bxh3 44. Qd2 Bg4 45. Ng3 fxg3 46. Rxg3 Qxf2 47.
Bxg4 Qxd2+ 48. Kxd2 hxg4 49. Rc1 Bg5+ 0-1

[Event "Hastings Masters"]
[Site "?"]
[Date "2007.12.28"]
[Round "1.36"]
[White "Lee, Jia Shen"]
[Black "Zhou, Yang Fan"]
[Result "0-1"]
[WhiteElo "1920"]
[BlackElo "2068"]
[PlyCount "104"]
[EventDate "2007.12.28"]
[SourceDate "2007.12.28"]

1. d4 Nf6 2. c4 g6 3. Nc3 Bg7 4. e4 d6 5. Nf3 O-O 6. Be2 e5 7. d5 Na6 8. Bg5 h6
9. Bh4 g5 10. Bg3 Nxe4 11. Nxe4 f5 12. Nfd2 fxe4 13. O-O Bf5 14. Bg4 Qd7 15.
Bxf5 Qxf5 16. Qe2 Nc5 17. b4 Nd3 18. Qxe4 Nxb4 19. Rab1 Nxa2 20. Qxf5 Rxf5 21.
Ne4 a5 22. Rxb7 Rff8 23. Ra1 Nb4 24. Rb5 Nc2 25. Ra2 Nd4 26. Raxa5 Rxa5 27.
Rxa5 Rb8 28. f3 h5 29. Be1 g4 30. fxg4 hxg4 31. Ra7 Rf8 32. Bf2 Rf4 33. Ng5 Bf6
34. Ra8+ Kg7 35. Bxd4 Bxg5 36. Be3 Rf8 37. Ra3 Bxe3+ 38. Rxe3 Rf4 39. Rc3 Kf6
40. h3 gxh3 41. gxh3 e4 42. Kg2 Ke5 43. Kg3 Rf8 44. h4 Kd4 45. Rc1 e3 46. Kg2
Kd3 47. h5 e2 48. Ra1 Kxc4 49. h6 Kxd5 50. Re1 Rh8 51. Rxe2 Rxh6 52. Kf3 Rf6+
0-1

[Event "Hastings Masters"]
[Site "?"]
[Date "2007.12.28"]
[Round "1.37"]
[White "Goodger, Martyn"]
[Black "Franklin, S."]
[Result "1-0"]
[WhiteElo "2067"]
[BlackElo "1917"]
[PlyCount "47"]
[EventDate "2007.12.28"]
[SourceDate "2007.12.28"]

1. e4 c5 2. Nf3 d6 3. Bc4 Nf6 4. d3 Nc6 5. O-O g6 6. h3 Bg7 7. Nc3 O-O 8. a3 a6
9. Bg5 b5 10. Ba2 Bb7 11. Qd2 Rc8 12. Nh2 Nd4 13. Nd1 c4 14. Ne3 c3 15. bxc3
Rxc3 16. f4 Qb6 17. Kh1 Rfc8 18. f5 Nh5 19. Qf2 Be5 20. Bxf7+ Kh8 21. Bh4 Rxc2
22. Nxc2 Rxc2 23. Qe3 Qc5 24. fxg6 1-0

[Event "Hastings Masters"]
[Site "?"]
[Date "2007.12.28"]
[Round "1.38"]
[White "Reuben, Stewart"]
[Black "Gurbanzade, Erkin"]
[Result "0-1"]
[WhiteElo "2165"]
[BlackElo "2179"]
[PlyCount "54"]
[EventDate "2007.12.28"]
[SourceDate "2007.12.28"]

1. c4 Nf6 2. Nc3 g6 3. g3 Bg7 4. Bg2 O-O 5. e4 d6 6. Nge2 Nc6 7. d4 e5 8. O-O
Re8 9. d5 Nd4 10. Be3 Nxe2+ 11. Qxe2 Ng4 12. Bd2 f5 13. b4 h5 14. h3 Nh6 15. c5
f4 16. Rac1 Rf8 17. cxd6 cxd6 18. Nb5 Rf7 19. gxf4 exf4 20. Bc3 f3 21. Bxf3
Bxh3 22. Bg2 Bxg2 23. Kxg2 Qg5+ 24. Kh1 Rf4 25. f3 Rh4+ 26. Qh2 Rxh2+ 27. Kxh2
Rc8 0-1

[Event "Hastings Masters"]
[Site "?"]
[Date "2007.12.28"]
[Round "1.39"]
[White "Norinkeviciute, Rasa"]
[Black "Auckland, Elliott"]
[Result "0-1"]
[WhiteElo "2064"]
[BlackElo "1910"]
[PlyCount "144"]
[EventDate "2007.12.28"]
[SourceDate "2007.12.28"]

1. c4 Nf6 2. g3 g6 3. Bg2 d5 4. cxd5 Nxd5 5. Nc3 Nb6 6. Nf3 Bg7 7. d4 Nc6 8. e3
e5 9. d5 Ne7 10. e4 f5 11. exf5 gxf5 12. Ng5 Ng6 13. Qh5 Qe7 14. O-O Nd7 15.
Ne6 Ndf8 16. Bg5 Qd7 17. Rad1 Qf7 18. Nd8 Qd7 19. Ne6 Qf7 20. Nxg7+ Qxg7 21.
Bh6 Qf7 22. Rfe1 Bd7 23. f4 O-O-O 24. fxe5 Nxe5 25. Qxf7 Nxf7 26. Be3 a6 27.
Bd4 Rg8 28. Re7 Nd6 29. Kh1 Re8 30. Rxe8+ Nxe8 31. Rf1 Nd6 32. Bh3 Ng6 33. Bc5
Rf8 34. Ne2 b6 35. Bxd6 cxd6 36. Nf4 Ne7 37. Re1 Rf7 38. Bf1 b5 {(=)} 39. Kg2
Ng6 40. Rc1+ Kb8 41. Re1 Kb7 42. Bd3 Kb6 43. b4 Ne5 44. Bc2 Bc8 45. Ne6 Bb7 46.
Nf4 Ng6 47. Bb3 Ne5 48. Rc1 Nc4 49. a4 Ne3+ 50. Kf2 Ng4+ 51. Kg1 bxa4 52. Bxa4
Ne3 53. Rc3 Re7 54. Rd3 Re5 55. Bb3 Re4 56. h3 Kb5 57. Kf2 Nc4 58. Ba2 Nb2 59.
Rd2 Rxb4 60. Ne6 Bc8 61. Nd4+ Kb6 62. Bb1 Nc4 63. Rd1 Rb2+ 64. Kf3 Nd2+ 65.
Rxd2 Rxd2 66. Ke3 Rb2 67. Bd3 a5 68. Nc2 a4 69. Na3 Rb3 70. Nc4+ Kc5 71. Na5
Ra3 72. Nc4 Rxd3+ 0-1

[Event "Hastings Masters"]
[Site "?"]
[Date "2007.12.28"]
[Round "1.40"]
[White "Guo, Xi Yang"]
[Black "Kakkanas, Evangelos"]
[Result "0-1"]
[WhiteElo "1853"]
[BlackElo "2064"]
[PlyCount "126"]
[EventDate "2007.12.28"]
[SourceDate "2007.12.28"]

1. e4 c5 2. Nf3 Nc6 3. d4 cxd4 4. Nxd4 Qc7 5. Nc3 e6 6. Be3 a6 7. a3 Nf6 8. Be2
Be7 9. Qd2 d6 10. O-O O-O 11. f4 Bd7 12. Nxc6 Bxc6 13. Bf3 Rac8 14. Qf2 Nd7 15.
Rae1 Bf6 16. Bd4 Bxd4 17. Qxd4 Qb6 18. Ne2 Bb5 19. Qxb6 Nxb6 20. Rc1 Nc4 21. a4
Bc6 22. Rfd1 Nxb2 23. Rxd6 Rfd8 24. Rxd8+ Rxd8 25. a5 Nc4 26. Ra1 Kf8 27. c3
Nd2 28. Nd4 Bxe4 29. Rd1 Rxd4 30. cxd4 Nxf3+ 31. gxf3 Bxf3 32. Rc1 Bc6 33. Kf2
Ke7 34. Ke3 Kf6 {(=)} 35. Rg1 g6 36. Rg5 Bd5 37. Kd3 Ke7 38. Kc3 Kd6 39. Kb4 f6
40. Rg3 Bc6 41. Rh3 Kd5 42. Rxh7 Kxd4 43. Rg7 e5 44. fxe5 fxe5 45. Rxg6 e4 46.
h4 e3 47. h5 e2 48. Rg1 Be4 49. h6 Ke3 50. Kc5 Kf2 51. Rc1 e1=Q 52. Rxe1 Kxe1
53. Kb6 Ke2 54. h7 Bxh7 55. Kxb7 Bd3 56. Kb6 Kd2 57. Kc5 Kc3 58. Kd5 Bc2 59.
Kc5 Bb3 60. Kb6 Bc4 61. Kc5 Be6 62. Kb6 Bc8 63. Kc5 Bb7 0-1

[Event "Hastings Masters"]
[Site "?"]
[Date "2007.12.28"]
[Round "1.41"]
[White "Wilson, Alexandra"]
[Black "Cumming, Rhys"]
[Result "0-1"]
[WhiteElo "2066"]
[BlackElo "1845"]
[PlyCount "98"]
[EventDate "2007.12.28"]
[SourceDate "2007.12.28"]

1. e4 e5 2. Nf3 Nc6 3. Bb5 a6 4. Ba4 Nf6 5. O-O Be7 6. Re1 b5 7. Bb3 O-O 8. a4
Rb8 9. axb5 axb5 10. d4 exd4 11. e5 Ne8 12. c3 dxc3 13. Nxc3 d6 14. Qe2 Bg4 15.
e6 fxe6 16. Bxe6+ Bxe6 17. Qxe6+ Rf7 18. Nd5 Bf6 19. Ra3 Ne5 20. Nxe5 Bxe5 21.
f4 Bf6 22. Kh1 Qd7 23. Qe4 c6 24. Rh3 g6 25. Nxf6+ Nxf6 26. Qc2 Re8 27. Rf1 c5
28. b3 Ne4 29. Rhf3 Qf5 30. Qa2 d5 31. Qa6 b4 32. Qc6 Rfe7 33. g4 Qd7 34. Qxd7
Rxd7 35. f5 d4 36. f6 Kf7 37. Rh3 Kg8 38. Rhf3 Rf8 39. Bh6 Rff7 40. Re1 Nd6 41.
Re5 Rd8 42. Rxc5 Ne4 43. Rc6 d3 44. Rc1 Rxf6 45. Rxf6 Nxf6 46. Bg5 d2 47. Rd1
Ne4 48. Bxd8 Nf2+ 49. Kg1 Nxd1 0-1

[Event "Hastings Masters"]
[Site "?"]
[Date "2007.12.28"]
[Round "1.42"]
[White "Lenier, Jude"]
[Black "Canonne, Antoine"]
[Result "1/2-1/2"]
[WhiteElo "1819"]
[BlackElo "2059"]
[PlyCount "86"]
[EventDate "2007.12.28"]
[SourceDate "2007.12.28"]

1. e4 c5 2. Nf3 e6 3. d4 cxd4 4. Nxd4 Bc5 5. Nb3 Bb6 6. Nc3 Ne7 7. Bf4 O-O 8.
Bd6 f5 9. e5 f4 10. Bd3 Nbc6 11. Qh5 h6 12. Ne4 Nd4 13. Nxd4 Bxd4 14. c3 Bb6
15. Ng5 Qe8 16. Qh3 Bd8 17. Bxe7 Qxe7 18. Nh7 Rf5 19. Bxf5 exf5 20. Qxf5 d6 21.
Nf6+ gxf6 22. Qg6+ Qg7 23. Qxg7+ Kxg7 24. exd6 Bb6 25. O-O Be6 26. Rfe1 Kf7 27.
b4 Rg8 28. Rad1 Bh3 29. Re7+ Kf8 30. Rxb7 Rxg2+ 31. Kh1 Rxf2 32. Rxb6 axb6 33.
d7 Bxd7 34. Rxd7 Rxa2 35. Rd6 Rc2 36. Rxf6+ Kg7 37. Rxf4 Rxc3 38. Rd4 Rb3 39.
Rf4 Rb2 40. Rc4 b5 41. Rf4 Kg6 42. h4 Rc2 43. Kg1 Rb2 1/2-1/2

[Event "Hastings Masters"]
[Site "?"]
[Date "2007.12.28"]
[Round "1.43"]
[White "Calvert, David Ian"]
[Black "Conde, Manuel"]
[Result "1-0"]
[WhiteElo "2058"]
[BlackElo "1791"]
[PlyCount "77"]
[EventDate "2007.12.28"]
[SourceDate "2007.12.28"]

1. b3 Nf6 2. Bb2 e6 3. Nf3 d5 4. c4 dxc4 5. bxc4 Be7 6. g3 O-O 7. Bg2 Re8 8.
O-O Nbd7 9. d3 Nf8 10. Ne5 N8d7 11. Nd2 Nxe5 12. Bxe5 Nd7 13. Bc3 Rb8 14. a4
Bf6 15. Qc2 Bxc3 16. Qxc3 f5 17. f4 Nf6 18. e4 Bd7 19. e5 Ng4 20. d4 g5 21. h3
Nh6 22. Kh2 Kh8 23. d5 Kg8 24. Nf3 gxf4 25. gxf4 Nf7 26. Nd4 c6 27. dxc6 bxc6
28. Nxc6 Bxc6 29. Bxc6 Re7 30. Rg1+ Kh8 31. Qg3 Qf8 32. Bb5 Nd8 33. a5 Rc8 34.
Rac1 Nc6 35. Bxc6 Rxc6 36. Rgd1 Rec7 37. Qh4 Rc8 38. Rd7 R6c7 39. Qxh7# 1-0

[Event "Hastings Masters"]
[Site "?"]
[Date "2007.12.28"]
[Round "1.44"]
[White "Macrae, James"]
[Black "Salimbeni, George"]
[Result "0-1"]
[WhiteElo "1766"]
[BlackElo "2058"]
[PlyCount "110"]
[EventDate "2007.12.28"]
[SourceDate "2007.12.28"]

1. d4 Nf6 2. Nf3 g6 3. e3 Bg7 4. Bd3 d5 5. Nbd2 c5 6. c3 O-O 7. O-O Nbd7 8. Re1
Qb6 9. Qe2 Re8 10. Ne5 Nh5 11. Bb5 Rd8 12. Ndf3 Nxe5 13. Nxe5 a6 14. Bd3 Nf6
15. Kh1 Ne8 16. dxc5 Qxc5 17. Nf3 Nd6 18. Bd2 e5 19. Bc2 b6 20. Rac1 Bb7 21. b4
Qc6 22. Bb3 Ne4 23. Rc2 Rac8 24. Rec1 b5 25. Ne1 h6 26. f3 Nxd2 27. Qxd2 Bf6
28. Nd3 Kg7 29. Nf2 h5 30. Qe1 Re8 31. e4 dxe4 32. fxe4 Qb6 33. Rd1 Red8 34.
Bd5 Bc6 35. Bxc6 Qxc6 36. Rd3 Qc4 37. Qe2 Rxd3 38. Qxd3 Qxd3 39. Nxd3 Rc4 40.
Nc5 a5 41. a3 axb4 42. axb4 Be7 43. Rd2 Bxc5 44. bxc5 Rxc5 45. Kg1 Rxc3 46. Kf2
b4 47. Rd5 Kf6 48. Rb5 b3 49. h4 Rc2+ 50. Kg3 b2 51. Rb4 Ke6 52. Rb6+ Kd7 53.
Rb4 Kc6 54. Kf3 Kc5 55. Rb8 Kd4 0-1

[Event "Hastings Masters"]
[Site "?"]
[Date "2007.12.28"]
[Round "1.45"]
[White "Adair, James"]
[Black "Quinn, Joseph"]
[Result "1-0"]
[WhiteElo "2044"]
[BlackElo "1758"]
[PlyCount "61"]
[EventDate "2007.12.28"]
[SourceDate "2007.12.28"]

1. e4 e5 2. Nf3 Nc6 3. Bb5 a6 4. Ba4 Nf6 5. O-O Be7 6. Qe2 b5 7. Bb3 O-O 8. c3
Bb7 9. d4 d6 10. Rd1 Qc8 11. Nbd2 Qg4 12. h3 Qg6 13. a4 b4 14. a5 bxc3 15. bxc3
Rfd8 16. d5 Nb8 17. Ba3 Nbd7 {(=)} 18. Rab1 Nh5 19. Kh2 Nf4 20. Qf1 f5 21. Bc2
Rab8 22. exf5 Qf7 23. c4 Nf6 24. g3 N4h5 25. Ng5 Qe8 26. Ne6 Rdc8 27. g4 Nf4
28. Nxf4 exf4 29. Qd3 c6 30. g5 Nd7 31. f6 1-0

[Event "Hastings Masters"]
[Site "?"]
[Date "2007.12.28"]
[Round "1.46"]
[White "Kreiter, Thomas"]
[Black "Raddatz, Michael"]
[Result "0-1"]
[WhiteElo "1749"]
[BlackElo "2037"]
[PlyCount "72"]
[EventDate "2007.12.28"]
[SourceDate "2007.12.28"]

1. Nf3 c5 2. c4 Nc6 3. Nc3 a6 4. a4 Nf6 5. e3 g6 6. d4 cxd4 7. exd4 Bg7 8. h3
O-O 9. Be3 d5 10. Be2 Bf5 11. O-O Rc8 12. Qd2 Na5 13. Rae1 Nxc4 14. Bxc4 dxc4
15. Rd1 Nd5 16. Rfe1 Nxc3 17. bxc3 Qd5 18. Bh6 Rfe8 19. Bxg7 Kxg7 20. Re5 Qd7
21. Nh4 Bd3 22. Rde1 e6 23. a5 Rc6 24. Nf3 Rd6 25. Qf4 f6 26. R5e3 Rd5 27. Qg4
Bf5 28. Qf4 Rxa5 29. Nd2 Bd3 30. Ne4 Bxe4 31. Rxe4 Rd5 32. R4e2 b5 33. Ra1 Qd6
34. Qxd6 Rxd6 35. Rea2 Ra8 36. Ra5 Rb6 0-1

[Event "Hastings Masters"]
[Site "?"]
[Date "2007.12.28"]
[Round "1.48"]
[White "O'Neill, T."]
[Black "Gibson, Christopher A"]
[Result "0-1"]
[WhiteElo "1551"]
[BlackElo "2032"]
[PlyCount "82"]
[EventDate "2007.12.28"]
[SourceDate "2007.12.28"]

1. e4 c5 2. Nf3 d6 3. d4 cxd4 4. Nxd4 Nf6 5. Nc3 a6 6. Bg5 e6 7. f4 Qc7 8. Qf3
Nc6 9. O-O-O Bd7 10. Nxc6 bxc6 11. Bxf6 gxf6 12. Bc4 h5 13. f5 e5 14. Rhf1 a5
15. h3 h4 16. g4 a4 17. Kb1 Bh6 18. Rd3 Bc8 19. Rfd1 Bf8 20. Qg2 Qb6 21. g5 Qb4
22. Bxf7+ Kxf7 23. g6+ Kg7 24. a3 Qb8 25. Na2 Ba6 26. Nb4 Bxd3 27. Rxd3 Qb7 28.
Qd2 Be7 29. c4 Rad8 30. Qc3 Rd7 31. c5 dxc5 32. Qc4 Bd6 33. Nc2 Rb8 34. Kc1 Bf8
35. Rxd7+ Qxd7 36. Qe2 Rd8 37. Qh5 Qd2+ 38. Kb1 Qh6 39. Qe2 {(=)} Qd2 40. Qh5
Qd1+ 41. Ka2 Qxh5 0-1

[Event "Hastings Masters"]
[Site "?"]
[Date "2007.12.28"]
[Round "1.49"]
[White "Radovanovic, Jovica"]
[Black "Lalic, Bogdan"]
[Result "1/2-1/2"]
[WhiteElo "2355"]
[BlackElo "2500"]
[PlyCount "64"]
[EventDate "2007.12.28"]
[SourceDate "2007.12.28"]

1. d4 Nf6 2. c4 e6 3. g3 d5 4. Bg2 Bb4+ 5. Bd2 Be7 6. Nf3 O-O 7. O-O c6 8. Qc2
b6 9. Bf4 Bb7 10. Rd1 Nbd7 11. Nc3 Nh5 12. Bd2 f5 13. cxd5 cxd5 14. Rac1 a6 15.
Ne1 Rc8 16. Nd3 Bd6 17. Qb3 Nhf6 18. Bf4 Qe7 19. Bxd6 Qxd6 20. Rc2 Rc4 21. Ne5
Rc7 22. f4 Rfc8 23. Rdc1 b5 24. Nd1 Rxc2 25. Rxc2 Rxc2 26. Qxc2 Qb4 27. Nf3 Qc4
28. Ne3 Qxc2 29. Nxc2 Kf7 30. Ne5+ Ke7 31. Kf2 Kd6 32. Nxd7 Kxd7 1/2-1/2

[Event "Hastings Masters"]
[Site "?"]
[Date "2007.12.28"]
[Round "1.50"]
[White "Ringor, Rodrigo"]
[Black "Thompson, Ian D"]
[Result "0-1"]
[WhiteElo "1848"]
[BlackElo "2309"]
[PlyCount "84"]
[EventDate "2007.12.28"]
[SourceDate "2007.12.28"]

1. e4 e6 2. d4 d5 3. Nd2 Nf6 4. e5 Nfd7 5. Ngf3 c5 6. c3 Nc6 7. Bd3 Be7 8. O-O
g5 9. h3 h5 10. dxc5 Bxc5 11. Nb3 Be7 12. Re1 g4 13. hxg4 hxg4 14. Nfd4 Ncxe5
15. Bb5 Bd6 16. g3 Qf6 17. Kg2 Nf3 18. Rh1 Rxh1 19. Qxh1 e5 20. Nc2 a6 21. Be2
Nc5 22. Qh6 Qxh6 23. Bxh6 Nxb3 24. axb3 e4 25. Be3 Be6 26. Bb6 Kd7 27. Rh1 Be5
28. Rh5 Bf6 29. b4 Kc6 30. Be3 Rd8 31. Bxf3 gxf3+ 32. Kf1 Kb5 33. Bg5 Bxg5 34.
Rxg5 Kc4 35. Ke1 Kd3 36. Ne3 Rh8 37. g4 Rh1+ 38. Nf1 d4 39. Rh5 Rg1 40. Rh3
dxc3 41. bxc3 Kxc3 42. Rg3 Rh1 0-1

[Event "Hastings Masters"]
[Site "?"]
[Date "2007.12.29"]
[Round "2.2"]
[White "Hebden, Mark"]
[Black "Greet, Andrew"]
[Result "1/2-1/2"]
[WhiteElo "2542"]
[BlackElo "2441"]
[PlyCount "126"]
[EventDate "2007.12.29"]
[SourceDate "2007.12.29"]

1. d4 Nf6 2. Nf3 e6 3. e3 b6 4. Bd3 Bb7 5. O-O Be7 6. Nbd2 c5 7. b3 cxd4 8.
exd4 O-O 9. c4 d6 10. Bb2 Nbd7 11. Qe2 Re8 12. Ng5 e5 13. dxe5 Nxe5 14. Bxe5
dxe5 15. Nde4 g6 16. Nxf6+ Bxf6 17. Be4 Qc7 18. Bxb7 Qxb7 19. Ne4 Be7 20. Rad1
Rad8 21. Nc3 Bf6 22. Rd5 Rxd5 23. Nxd5 Bg7 24. Rd1 Kh8 25. Nc3 e4 26. Nb5 Be5
27. g3 Re6 28. Rd5 Bf6 29. Qd2 Kg7 30. Rd7 e3 31. fxe3 Qf3 32. Qf2 Qxe3 33.
Qxe3 Rxe3 34. Kf2 Bg5 35. h4 Bh6 36. Nd6 Re6 37. Rxf7+ Kg8 38. Rd7 Bf8 39. Nb5
Bc5+ 40. Kf3 a6 41. Nc7 Rf6+ 42. Ke4 h5 43. Nd5 Re6+ 44. Kf3 a5 45. Rb7 Kf8 46.
a3 Bxa3 47. Nxb6 Re1 48. Nd5 Rb1 49. Rb5 Bb4 50. c5 Rxb3+ 51. Kg2 Rb2+ 52. Kh3
Rc2 53. Nf4 Ke8 54. Nxg6 Rxc5 55. Rb7 Rf5 56. Kg2 Bd6 57. Nf4 Bxf4 58. gxf4 a4
59. Ra7 Rxf4 60. Kg3 Rg4+ 61. Kh3 Rb4 62. Kg3 Kd8 63. Ra5 Ke8 1/2-1/2

[Event "Hastings Masters"]
[Site "?"]
[Date "2007.12.29"]
[Round "2.3"]
[White "Chowdhury, S Roy"]
[Black "Conquest, Stuart"]
[Result "1/2-1/2"]
[WhiteElo "2418"]
[BlackElo "2540"]
[PlyCount "42"]
[EventDate "2007.12.29"]
[SourceDate "2007.12.29"]

1. e4 c5 2. b3 Nc6 3. Bb2 e6 4. Nf3 a6 5. Be2 Nf6 6. e5 Nd5 7. O-O Be7 8. Re1
O-O 9. Nc3 Nxc3 10. Bxc3 b6 11. d4 cxd4 12. Nxd4 Bb7 13. Nxc6 Bxc6 14. Bd3 f5
15. Bd4 b5 16. Qe2 Qc7 17. f3 Qb7 18. Qf2 Rfc8 19. Qg3 Qc7 20. Qf2 Qb8 21. Qg3
Qc7 1/2-1/2

[Event "Hastings Masters"]
[Site "?"]
[Date "2007.12.29"]
[Round "2.6"]
[White "Bogner, Sebastian"]
[Black "Bindrich, Falko"]
[Result "1/2-1/2"]
[WhiteElo "2383"]
[BlackElo "2512"]
[PlyCount "24"]
[EventDate "2007.12.29"]
[SourceDate "2007.12.29"]

1. Nf3 Nf6 2. c4 g6 3. Nc3 Bg7 4. e4 c5 5. d4 cxd4 6. Nxd4 O-O 7. Be2 Nc6 8.
Be3 d6 9. O-O Nxd4 10. Bxd4 Be6 11. Qd2 Qa5 12. Qe3 Nd7 1/2-1/2

[Event "Hastings Masters"]
[Site "?"]
[Date "2007.12.29"]
[Round "2.7"]
[White "Haslinger, Stewart"]
[Black "Collins, Sam"]
[Result "1/2-1/2"]
[WhiteElo "2502"]
[BlackElo "2401"]
[PlyCount "43"]
[EventDate "2007.12.29"]
[SourceDate "2007.12.29"]

1. e4 e5 2. Nf3 Nc6 3. d4 exd4 4. Nxd4 Nf6 5. Nxc6 bxc6 6. e5 Qe7 7. Qe2 Nd5 8.
c4 Nb6 9. Nc3 Qe6 10. Qe4 g6 11. f4 d5 12. cxd5 cxd5 13. Qc2 c6 14. Bd3 Bc5 15.
Bd2 O-O 16. Rc1 Qg4 17. g3 f6 18. Ne2 Nd7 19. h3 Qe6 20. b4 fxe5 21. bxc5 e4
22. Bxe4 1/2-1/2

[Event "Hastings Masters"]
[Site "?"]
[Date "2007.12.29"]
[Round "2.8"]
[White "Gormally, Daniel"]
[Black "Rendle, Thomas"]
[Result "1-0"]
[WhiteElo "2484"]
[BlackElo "2397"]
[PlyCount "45"]
[EventDate "2007.12.29"]
[SourceDate "2007.12.29"]

1. e4 e6 2. d4 d5 3. Nc3 Bb4 4. e5 c5 5. a3 Ba5 6. b4 cxd4 7. Nb5 Bc7 8. f4 Bd7
9. Nxc7+ Qxc7 10. Nf3 Nh6 11. Bd3 a6 12. a4 Nc6 13. Qd2 Qb6 14. Ba3 Nf5 15. O-O
Nce7 16. b5 a5 17. Qf2 Ne3 18. Rfe1 N7f5 19. h3 Nc4 20. Bxc4 dxc4 21. Rad1 Ne3
22. Rxd4 Nd5 23. Nd2 1-0

[Event "Hastings Masters"]
[Site "?"]
[Date "2007.12.29"]
[Round "2.9"]
[White "Thompson, Ian D"]
[Black "Williams, Simon Kim"]
[Result "0-1"]
[WhiteElo "2309"]
[BlackElo "2475"]
[PlyCount "53"]
[EventDate "2007.12.29"]
[SourceDate "2007.12.29"]

1. d4 e6 2. Nf3 f5 3. g3 Nf6 4. Bg2 Be7 5. O-O O-O 6. Nbd2 Nc6 7. b3 Ne4 8. Bb2
Bf6 9. e3 Nxd2 10. Qxd2 d6 11. b4 Qe8 12. c4 e5 13. b5 Nd8 14. dxe5 dxe5 15. e4
f4 16. Qd5+ Be6 17. Qc5 Bg4 18. Qd5+ Ne6 19. Qxb7 Qh5 20. Qa6 Rae8 21. Qa3 Be7
22. Qc3 Bc5 23. Nh4 f3 24. Nxf3 Bxf3 25. Bxf3 Rxf3 26. Qxe5 Qf7 27. Kg2 0-1

[Event "Hastings Masters"]
[Site "?"]
[Date "2007.12.29"]
[Round "2.10"]
[White "Gurbanzade, Erkin"]
[Black "Malakhatko, Vadim"]
[Result "0-1"]
[WhiteElo "2179"]
[BlackElo "2596"]
[PlyCount "54"]
[EventDate "2007.12.29"]
[SourceDate "2007.12.29"]

1. e4 e6 2. d4 d5 3. Nd2 c5 4. exd5 Qxd5 5. Ngf3 cxd4 6. Bc4 Qd6 7. O-O Nf6 8.
Nb3 Nc6 9. Nbxd4 Nxd4 10. Nxd4 a6 11. b3 Qc7 12. Bb2 Bd6 13. Nf3 b5 14. Bd3 Bb7
15. c4 bxc4 16. Rc1 Rd8 17. Rxc4 Qb8 18. Qe2 Qa8 19. Nh4 Be7 20. f4 O-O 21. f5
e5 22. Bxe5 Rfe8 23. Qc2 Qa7+ 24. Kh1 Qe3 25. Rc7 Qxe5 26. Rxb7 Qd4 27. Bxa6
Qxh4 0-1